Paesi al meridiano ovest di 60 gradi - Statistics

Statistiche generali
  • Questo quiz è stato fatto 28 volte
  • Il punteggio medio è 14 su 20
Statistiche sulle risposte
gradi nazione % Corretto
Argentina
92%
Brasile
92%
Paraguay
88%
1.55° Uruguay
88%
1.92° Suriname
80%
Venezuela
80%
Bolivia
76%
Canada
76%
Guyana
76%
0.50° Trinidad e Tobago
72%
6.90° Colombia
68%
1.42° Grenada
68%
0.35° Barbados
64%
1.24° Dominica
64%
1.12° Saint Vincent e Grenadine
64%
2.54° Saint Kitts e Nevis
60%
1.66° Antigua e Barbuda
56%
0.87° Santa Lucia
56%
Groenlandia
44%
3.01° Sint Maarten
12%
Nessun quiz corrispondente trovato
Distribuzione punteggi
Percentuale di utenti per punteggio
Percentile per numero di risposta
I tuoi punteggi nel tempo
Non hai fatto questo quiz